| 000 | 00875nam a2200181 i 4500 | ||
|---|---|---|---|
| 001 | 184448 | ||
| 003 | ES-MaACL | ||
| 005 | 20250815113049.0 | ||
| 008 | 150831s1873 sp |||| | spa d | ||
| 100 | 1 |
_aBerthelot, Marcellin, _d1827-1907 _9125961 |
|
| 245 | 1 | 0 |
_aLecciones sobre los métodos generales de síntesis en Química orgánica _b: explicadas en el Colegio de Francia / _cpor Berthelot ; traducidas por Vicente Martin de Argenta. |
| 260 |
_aMadrid : _bSemanario Farmacéutico, _c1873 ( _fImp. de J.M. Ducazcal) |
||
| 300 |
_a372, X p. ; _c24 cm. |
||
| 650 | 7 |
_aQuímica orgánica _2embne _9136799 |
|
| 700 | 1 |
_aMartín de Argenta, Vicente. _9157362 |
|
| 852 |
_aES-MaACL _jG-11016 _z.- Sello de "Los Escolares Médicos" _z.- Legado Gustavo Saenz Diez _z.- Dedicatoria ms. del traductor a la biblioteca de "Los Escolares Médicos" |
||
| 999 |
_c184448 _d184448 |
||